Environmental crisis due to housebuilding (Record no. 118231)

MARC details
000 -LEADER
fixed length control field 01191cam a2200241 4500
001 - CONTROL NUMBER
control field WB@3612-412
008 - FIXED-LENGTH DATA ELEMENTS--GENERAL INFORMATION
fixed length control field 041027n2004 000 0 eng u
035 ## - SYSTEM CONTROL NUMBER
System control number (Sirsi) u127831
245 ## - TITLE STATEMENT
Title Environmental crisis due to housebuilding
260 ## - PUBLICATION, DISTRIBUTION, ETC.
Date of publication, distribution, etc. 2004
490 ## - SERIES STATEMENT
Series statement Regeneration and Renewal
Volume/sequential designation 22 October 2004, 5(1)
520 ## - SUMMARY, ETC.
Summary, etc. Experts have warned of an impending environmental crisis in eastern England's countryside after the region's assembly approved the building of nearly half a million homes by 2021. "RSS14 for the East of England: report of the strategic environmental assessment" warns of chronic shortages of piped water, the risk of floods, harm to the environment and wildlife, adverse effects on town-scapes, a slump in the regions' quality of life and a battle for land between the public sector and private enterprise. The report is available from: http://www.eera.gov.uk/index.asp.
590 ## - LOCAL NOTE (RLIN)
Local note WB
590 ## - LOCAL NOTE (RLIN)
Local note WB
650 ## - SUBJECT ADDED ENTRY--TOPICAL TERM
Topical term or geographic name entry element HIGH-DEMAND HOUSING AREAS
650 ## - SUBJECT ADDED ENTRY--TOPICAL TERM
Topical term or geographic name entry element SOUTHEAST ENGLAND
650 ## - SUBJECT ADDED ENTRY--TOPICAL TERM
Topical term or geographic name entry element ENVIRONMENT
9 (RLIN) 6238
650 ## - SUBJECT ADDED ENTRY--TOPICAL TERM
Topical term or geographic name entry element PLANNING
650 ## - SUBJECT ADDED ENTRY--TOPICAL TERM
Topical term or geographic name entry element NEW HOUSING
650 ## - SUBJECT ADDED ENTRY--TOPICAL TERM
Topical term or geographic name entry element SUSTAINABLE DEVELOPMENT
690 ## - LOCAL SUBJECT ADDED ENTRY--TOPICAL TERM (OCLC, RLIN)
Topical term or geographic name as entry element HOUSING-DEVELOPMENT
942 ## - ADDED ENTRY ELEMENTS (KOHA)
Suppress in OPAC 0
Holdings
Withdrawn status Lost status Source of classification or shelving scheme Damaged status Not for loan Home library Current library Shelving location Date acquired Total Checkouts Full call number Barcode Date last seen Copy number Price effective from Koha item type
    Dewey Decimal Classification     London London News article 27/10/2004   WB4041-10 127831-1001 06/08/2019 1 06/08/2019 News article